Регионална библиотека "Любен Каравелов" - Русе

Сантиментална мизантропия (Запис номер 470364)

MARC детайли
000 -Лидер
Контролно поле с фиксирана дължина 01398nam a2200265 a 4500
003 - Код на организацията, давaща контролен номер
Контролно поле BLK
005 - Дата и час на последна редакция
Контролно поле 20240410131444.0
008 - Елементи от данни с фиксирана дължина
fixed length control field 180411b bul|||||r ||||||| ||bul||
020 ## - Международен стандартен номер на книга ISBN
Международен стандартен номер на книга ISBN 9789543374434
040 ## - Източник на каталожния запис
Идентификатор на билиотеката - собственик на записа BLK
041 ## - Код за език
Код за езика на текст/звукозапис или на отделно заглавие Български
Код за езика КДБФ Български
080 ## - УДК
Текстов определител УДК Българска литература
УДК код - определител по УДК 821.163.2
УДК определител -84
УДК - код + определител 821.163.2-84
100 ## - Редна дума - Автор
Автор Бакърджиев, Тодор Анастасов
Дати, свързани с автора 1942-
Автор - информация (биография) Филолог. Историк. Публицист, сатирик, автор на афоризми.
R(LIN) 261637
139 ## - Редно поле
Редна дума Бакърджиев, Тодор Анастасов
Авторски знак Баку - Б 17
245 10 - Сведения за заглавието
Заглавие Сантиментална мизантропия
Подзаглавни данни Афоризми, сентенции
Редно поле (дума) Тодор Бакърджиев ; ред. Красимира Василева.
257 ## - Страна на издаване
Страна на създаване/издаване България
260 ## - Област на издателските данни
Място на издаване, разпространение и проч. Русе
Име на издателя, разпространителя и проч. Авангард принт
Година на издаване 2022
300 ## - Физическа характеристика
Страници 200 с.
Размери/Мащаб 21 см
380 ## - Жанр
Жанр Худож. лит.
500 ## - Общи забележки
Забележка Биогр. данни за авт. отбелязани на гърба на кор. - Автогр. - подпис на авт.
700 ## - Други автори (авторска отговорност)
Лично име Василева, Красимира Николова
Дати, свързани с автора 1952-
Друга информация Поет, публицист, литературна критика. Журналист във вестник Утро (Дунавска правда)
Автороска отговорност (Описва отношението между автора и произведението) ред.
9 (RLIN) 479333
852 ## - Местоположение
Фондова буква Краезнание
Систематично-азбучна сигнатура К 821.163.2/Б 17 Т
999 ## - СИСТЕМНИ КОНТРОЛНИ НОМЕРА
Koha biblionumber 470364
Koha biblioitemnumber 470364
942 ## - АРТИКУЛИ
Вид на библиотечния материал Книги
Скрит в OPAC Не
Периодичен библиозапис Да
944 ## - СЪЗДАВАНЕ И РЕДАКЦИЯ на ЗАПИСА
Създаване/Редакция Създаване
Дата на регистрацията/редакция 2022-08-15
Служител, извършил регистрацията/редакцията 30560
Статус, дата на статуса Геновева Генчева
Наличности
Код за отписване Код за изгубен артикул Източник на класификационната схема Код за повреда Коз за рестрикции Код за отдаване Артикулен № Име на библиотеката - собственик Име на библиотеката, в която се намира в момента Статус (Текущо местоположение) Дата на вписване в системата Местоположение - отдел Цена в лева Систематично азбучна сигнатура Баркод Цена в евро Служебен тип на артикула
  Не е изгубен Universal Decimal Classification Не е повреден без рестрикции заемане за дома 900346 Регионална библиотека "Любен Каравелов" Русе Регионална библиотека "Любен Каравелов" Русе Краезнание 2022-08-16 Краезнание 10.00 821.163.2/Б 17 Т 120000874250 5.11 Книги
Vip Innovations Ltd, Rousse, Bulgaria 2025